Biodiversity in horticultural crops, vol.1 / (Record no. 13302)
[ view plain ]
| 000 -LEADER | |
|---|---|
| fixed length control field | 00458cam a2200181ua 4500 |
| 041 ## - LANGUAGE CODE | |
| Language code of text/sound track or separate title | eng |
| 082 ## - DEWEY DECIMAL CLASSIFICATION NUMBER | |
| Classification number | 635 |
| Item number | PET/BI |
| 100 ## - MAIN ENTRY--AUTHOR NAME | |
| Personal name | Peter, K V. |
| 245 00 - TITLE STATEMENT | |
| Title | Biodiversity in horticultural crops, vol.1 / |
| 260 ## - PUBLICATION, DISTRIBUTION, ETC. (IMPRINT) | |
| Place of publication | Delhi : |
| Name of publisher | Daya Publishing house , |
| Year of publication | 2007. |
| 300 ## - PHYSICAL DESCRIPTION | |
| Number of Pages | 364 ; . |
| 700 1# - ADDED ENTRY--PERSONAL NAME | |
| Personal name | Abraham, Z . |
| 942 ## - ADDED ENTRY ELEMENTS (KOHA) | |
| Koha item type | Books |
| Withdrawn status | Lost status | Damaged status | Home library | Current library | Date acquired | Full call number | Accession Number | Koha item type |
|---|---|---|---|---|---|---|---|---|
| KAUAET | KAUAET | 07/04/2012 | 635 | 21584 | Books |
